[Event "8. Open Bali sub-2000"]
[Site "Benidorm ESP"]
[Date "2009.11.30"]
[Round "3.6"]
[White "Patino Andreu, Ramon"]
[Black "Lastras Hernandez, Tomas"]
[Result "1-0"]
[WhiteElo "1992"]
[BlackElo "1928"]
[PlyCount "54"]
[EventDate "2009.11.28"]
[EventType "swiss"]
[EventRounds "10"]
[EventCountry "ESP"]
[Source "lmi"]
[SourceDate "2009.11.28"]

1. e4 c5 2. Nc3 Nc6 3. f4 g6 4. Nf3 Bg7 5. Bc4 e6 6. d3 a6 7. a4 Nge7 8. O-O
O-O 9. Bd2 d5 10. Bb3 Na5 11. Ba2 d4 12. Ne2 Bd7 13. Qe1 Nac6 14. Bb3 a5 15.
Qh4 Nc8 16. Qg3 Qe7 17. Ng5 h6 18. Nh3 Kh7 19. Kh1 Nd6 20. Neg1 e5 21. Nf3 exf4
22. Bxf4 Ne8 23. e5 Be6 24. Nhg5+ Kg8 25. Nxe6 fxe6 26. Qxg6 Nc7 27. Bxh6 Nd5
1-0

[Event "8. Open Bali sub-2000"]
[Site "Benidorm ESP"]
[Date "2009.11.30"]
[Round "3.7"]
[White "Cuevas Silva, Angel"]
[Black "Moragrega Herrero, Juan Jose"]
[Result "1/2-1/2"]
[WhiteElo "1931"]
[BlackElo "1990"]
[PlyCount "109"]
[EventDate "2009.11.28"]
[EventType "swiss"]
[EventRounds "10"]
[EventCountry "ESP"]
[Source "lmi"]
[SourceDate "2009.11.28"]

1. e4 e6 2. d4 d5 3. Nc3 Bb4 4. e5 c5 5. a3 Bxc3+ 6. bxc3 Qc7 7. Nf3 Nc6 8. Bd3
c4 9. Be2 Qa5 10. Bd2 h6 11. O-O Nge7 12. Qc1 Bd7 13. Re1 O-O-O 14. Rb1 Rdg8
15. Qb2 b6 16. h4 f5 17. Bf1 Be8 18. Ra1 Bh5 19. Be2 Bxf3 20. Bxf3 g5 21. h5
Qa4 22. Rab1 Kc7 23. Rec1 Rb8 24. Qb4 Qxb4 25. Rxb4 a6 26. Rb2 b5 27. g3 Rb6
28. Rcb1 Rhb8 29. Bd1 a5 30. Kf1 Na7 31. f3 Nac6 32. Kf2 R6b7 33. Kg2 Nc8 34.
Kf2 N8a7 35. Kg2 b4 36. a4 Nxd4 37. cxd4 c3 38. Bxc3 bxc3 39. Rxb7+ Rxb7 40.
Rxb7+ Kxb7 41. Kf2 Nc6 42. Ke3 Nb4 43. f4 g4 44. Ke2 Kc7 45. Ke3 Kb6 46. Ke2
Kc7 47. Ke3 Kd8 48. Ke2 Ke7 49. Ke3 Ke8 50. Ke2 Ke7 51. Ke3 Na6 52. Kd3 Nc7 53.
Kxc3 Ne8 54. Kd3 Ng7 55. Ke3 1/2-1/2

[Event "8. Open Bali sub-2000"]
[Site "Benidorm ESP"]
[Date "2009.11.30"]
[Round "3.8"]
[White "Berenguer Martinez, Cruz Manuel"]
[Black "Maza Broto, Pablo"]
[Result "1/2-1/2"]
[WhiteElo "1910"]
[BlackElo "1990"]
[PlyCount "127"]
[EventDate "2009.11.28"]
[EventType "swiss"]
[EventRounds "10"]
[EventCountry "ESP"]
[Source "lmi"]
[SourceDate "2009.11.28"]

1. e4 c5 2. Nf3 Nc6 3. Nc3 a6 4. d4 cxd4 5. Nxd4 e5 6. Nb3 Nf6 7. Bg5 Be7 8.
Qd2 b5 9. Bxf6 gxf6 10. Nd5 d6 11. Rd1 Be6 12. c4 b4 13. Be2 a5 14. Qd3 a4 15.
Nd2 Bxd5 16. cxd5 Nd4 17. Rc1 Qd7 18. Nf3 Nxe2 19. Kxe2 Rg8 20. g3 f5 21. exf5
Rg4 22. Qc2 Qb5+ 23. Ke1 Qxd5 24. Qc6+ Qxc6 25. Rxc6 Kd7 26. Rc1 f6 27. h3 Rgg8
28. Ke2 d5 29. Rc2 Rgc8 30. Rhc1 Rxc2+ 31. Rxc2 Rc8 32. Rxc8 Kxc8 33. Nd2 Bd6
34. Kd3 Kd7 35. h4 h5 36. g4 e4+ 37. Ke2 hxg4 38. h5 Bf4 39. Nf1 Kd6 40. Nh2
Ke7 41. Nxg4 b3 42. axb3 axb3 43. h6 Kf7 44. Kd1 Bg5 45. Ne3 d4 46. Nc4 Bf4 47.
Na5 Bxh6 48. Nxb3 Bf8 49. Nxd4 Bc5 50. Nc2 Bxf2 51. Ke2 Ba7 52. Ne3 Bd4 53. b3
Ke7 54. Nf1 Kd6 55. b4 Ke5 56. Ne3 Kf4 57. Nc4 Kxf5 58. b5 Ke6 59. b6 Kd7 60.
b7 Ba7 61. Nd2 f5 62. Nxe4 fxe4 63. b8=Q Bxb8 64. Ke3 1/2-1/2

[Event "8. Open Bali sub-2000"]
[Site "Benidorm ESP"]
[Date "2009.11.30"]
[Round "3.9"]
[White "Sanchez Lopez, Diego"]
[Black "Kohler, Paul"]
[Result "1/2-1/2"]
[WhiteElo "1990"]
[BlackElo "1901"]
[PlyCount "140"]
[EventDate "2009.11.28"]
[EventType "swiss"]
[EventRounds "10"]
[EventCountry "ESP"]
[Source "lmi"]
[SourceDate "2009.11.28"]

1. d4 g6 2. Nf3 Bg7 3. Bf4 d6 4. e3 Nd7 5. c3 c5 6. Nbd2 Ngf6 7. h3 b6 8. Bc4
Bb7 9. O-O O-O 10. Re1 d5 11. Be2 Ne4 12. Qc2 h6 13. Rad1 Rc8 14. Qb1 a6 15. a4
Qe8 16. Nxe4 dxe4 17. Nd2 e5 18. dxe5 Nxe5 19. Nxe4 Qc6 20. Bxe5 Bxe5 21. Bf3
Qxa4 22. Nxc5 bxc5 23. Bxb7 Rb8 24. Bd5 Kg7 25. b3 Qa5 26. Qe4 Bxc3 27. Re2 Qb4
28. Bc4 Rbd8 29. Rxd8 Rxd8 30. Qe7 Rd1+ 31. Kh2 Qb8+ 32. f4 Qf8 33. Qe4 Rd2 34.
Bxa6 Rxe2 35. Bxe2 Qd6 36. Bc4 Bf6 37. Qb7 Qe7 38. Qd5 g5 39. g3 gxf4 40. gxf4
Bh4 41. Kg2 Qf6 42. Kf3 Qg6 43. Qe5+ Kg8 44. Qxc5 Qg3+ 45. Ke4 Qg2+ 46. Ke5
Qg7+ 47. Kd5 Qg2+ 48. Kd6 Qb7 49. Qc7 Qxc7+ 50. Kxc7 Bf2 51. e4 Bg3 52. Kd7
Bxf4 53. Ke8 Kg7 54. Bxf7 Kf6 55. Bd5 Ke5 56. b4 Kd6 57. Kf7 Bg5 58. Kg6 Be3
59. Kf5 Bd4 60. b5 Bc5 61. h4 Bd4 62. h5 Be3 63. Bc6 Bd4 64. Kg6 Be3 65. Ba8
Ke5 66. b6 Bxb6 67. Kxh6 Kf6 68. Kh7 Kg5 69. h6 Bd4 70. Bc6 Be5 1/2-1/2

[Event "8. Open Bali sub-2000"]
[Site "Benidorm ESP"]
[Date "2009.11.30"]
[Round "3.10"]
[White "Fernandez Garcia, Ignacio"]
[Black "Ledo Galan, Jose Emilio"]
[Result "1-0"]
[WhiteElo "1895"]
[BlackElo "1983"]
[PlyCount "79"]
[EventDate "2009.11.28"]
[EventType "swiss"]
[EventRounds "10"]
[EventCountry "ESP"]
[Source "lmi"]
[SourceDate "2009.11.28"]

1. e4 c5 2. Nc3 d6 3. g3 Nc6 4. Bg2 Nf6 5. d3 g6 6. Be3 Bg7 7. Nf3 O-O 8. Qc1
Ng4 9. Bd2 a6 10. h3 Nge5 11. Nh2 Nd4 12. f4 Nec6 13. a3 b5 14. Nd5 e6 15. Ne3
Rb8 16. Qd1 b4 17. O-O bxa3 18. bxa3 Nb5 19. f5 Ne5 20. Rb1 Bb7 21. Nhg4 Nxg4
22. Nxg4 Nc3 23. Bxc3 Bxc3 24. f6 h5 25. Qc1 hxg4 26. Qg5 Bd4+ 27. Kh2 Bxf6 28.
Rxf6 Kg7 29. Rbf1 Bc6 30. hxg4 Rh8+ 31. Kg1 Be8 32. Qf4 Rb7 33. e5 d5 34. c4
Ra7 35. cxd5 exd5 36. e6 Qc7 37. exf7 Qxf4 38. fxe8=N+ Kh7 39. gxf4 Rxe8 40.
Bxd5 1-0

[Event "8. Open Bali sub-2000"]
[Site "Benidorm ESP"]
[Date "2009.11.30"]
[Round "3.12"]
[White "Fuset Torralba, Jose Luis"]
[Black "Fernandez Rubio, Rafael"]
[Result "0-1"]
[WhiteElo "1873"]
[BlackElo "1977"]
[PlyCount "65"]
[EventDate "2009.11.28"]
[EventType "swiss"]
[EventRounds "10"]
[EventCountry "ESP"]
[Source "lmi"]
[SourceDate "2009.11.28"]

1. e4 d6 2. d4 Nf6 3. Nc3 g6 4. Nf3 Bg7 5. Be2 O-O 6. O-O Nbd7 7. h3 e5 8. Be3
Ne8 9. Bg5 f6 10. Be3 Nb6 11. Qd2 Be6 12. d5 Bf7 13. Rfd1 f5 14. Bg5 Qd7 15.
Nh4 Nf6 16. Bxf6 Bxf6 17. Nf3 fxe4 18. Nxe4 Bxd5 19. Nxf6+ Rxf6 20. c4 Bxf3 21.
Bxf3 Raf8 22. Bg4 Qf7 23. Bf3 c6 24. b3 Nd7 25. Rac1 Nc5 26. Rf1 e4 27. Bd1 Nd3
28. Rc2 Qe6 29. Qe3 Qe5 30. a4 a5 31. Re2 Nf4 32. Rd2 Qg5 33. Qxe4 0-1

[Event "8. Open Bali sub-2000"]
[Site "Benidorm ESP"]
[Date "2009.11.30"]
[Round "3.13"]
[White "Perez Garcia, Jose Miguel"]
[Black "Ribon Calabia, Mariano"]
[Result "1-0"]
[WhiteElo "1977"]
[BlackElo "1848"]
[PlyCount "89"]
[EventDate "2009.11.28"]
[EventType "swiss"]
[EventRounds "10"]
[EventCountry "ESP"]
[Source "lmi"]
[SourceDate "2009.11.28"]

1. d4 e6 2. Nf3 Nf6 3. c4 d5 4. e3 c5 5. Nc3 cxd4 6. exd4 Nc6 7. Bg5 Be7 8. Rc1
h6 9. Bh4 O-O 10. Bd3 Nb4 11. Be2 dxc4 12. Bxc4 Nbd5 13. O-O Nf4 14. Ne5 N6d5
15. Bg3 Ng6 16. Nxg6 fxg6 17. Qb3 Nf4 18. Bxf4 Rxf4 19. Bxe6+ Kh7 20. Bxc8 Rxc8
21. Qxb7 Rb8 22. Qd5 Qb6 23. Qd7 Bf6 24. Nd5 Qxd4 25. Rcd1 Qe5 26. Nxf4 Qxf4
27. Qd2 Qg4 28. b3 Rd8 29. Qc2 Bd4 30. Kh1 Qh4 31. Qc4 Qf6 32. Rd2 Qe5 33. Rfd1
Qh5 34. g4 Qxg4 35. Rxd4 Qf3+ 36. Kg1 Rf8 37. Rf1 Rf5 38. Rg4 Qb7 39. Qe4 Qc7
40. h4 Qd7 41. Re1 Qd2 42. Re2 Qd1+ 43. Kg2 h5 44. Rg5 Rf6 45. Rxh5+ 1-0

[Event "8. Open Bali sub-2000"]
[Site "Benidorm ESP"]
[Date "2009.11.30"]
[Round "3.14"]
[White "Montiel Miguelez, Manuel"]
[Black "Molvig, Julius"]
[Result "1-0"]
[WhiteElo "1970"]
[BlackElo "1800"]
[PlyCount "85"]
[EventDate "2009.11.28"]
[EventType "swiss"]
[EventRounds "10"]
[EventCountry "ESP"]
[Source "lmi"]
[SourceDate "2009.11.28"]

1. e4 c5 2. Nf3 d6 3. d4 cxd4 4. Nxd4 Nf6 5. Nc3 a6 6. Be2 e5 7. Nb3 Be7 8. Be3
O-O 9. O-O Be6 10. a4 Qc7 11. Kh1 Nbd7 12. f4 exf4 13. Bxf4 Rfc8 14. Rc1 Nb6
15. Qd4 Bc4 16. e5 Ne8 17. Be3 Nxa4 18. Bxc4 Nxc3 19. Bxf7+ Kh8 20. bxc3 Qxc3
21. exd6 Qxd4 22. Bxd4 Nxd6 23. Be6 Rf8 24. Kg1 Ne4 25. Bb6 Nc3 26. Rce1 Bg5
27. Bc4 Na4 28. Rxf8+ Rxf8 29. Bd4 b5 30. Bd3 Kg8 31. Nc5 Bf6 32. Bxf6 Nxc5 33.
Ba1 Rd8 34. Rd1 g6 35. Be2 Rc8 36. Bf3 a5 37. Bd5+ Kf8 38. Rf1+ Ke8 39. Bf6 Nd7
40. Re1+ Kf8 41. Be7+ Kg7 42. Bg5 Kf8 43. Bh6# 1-0

[Event "8. Open Bali sub-2000"]
[Site "Benidorm ESP"]
[Date "2009.11.30"]
[Round "3.15"]
[White "Herrero Ferrando, Salvador"]
[Black "Hall, Rachid"]
[Result "0-1"]
[WhiteElo "1863"]
[BlackElo "1969"]
[PlyCount "62"]
[EventDate "2009.11.28"]
[EventType "swiss"]
[EventRounds "10"]
[EventCountry "ESP"]
[Source "lmi"]
[SourceDate "2009.11.28"]

1. d4 e6 2. c4 f5 3. g3 Nf6 4. Bg2 Be7 5. Nh3 c6 6. O-O d5 7. Qc2 O-O 8. Nd2
Qe8 9. Nf3 Nbd7 10. b3 h6 11. Nf4 Bd6 12. Nd3 Qh5 13. Nde5 Nxe5 14. Nxe5 Bxe5
15. dxe5 Ng4 16. h3 Nxe5 17. f4 Nd7 18. Bb2 Nf6 19. Bxf6 Rxf6 20. Kh2 Bd7 21.
Qd2 Qf7 22. Rac1 Re8 23. Bf3 dxc4 24. Rfd1 Bc8 25. Rxc4 e5 26. fxe5 Rxe5 27.
Rd4 Rfe6 28. b4 a6 29. a4 Kh7 30. Rb1 Qe7 31. Rb2 Qc7 0-1

[Event "8. Open Bali sub-2000"]
[Site "Benidorm ESP"]
[Date "2009.11.30"]
[Round "3.53"]
[White "Velasco Gomez, Esperanza"]
[Black "Cabrera Rodrigo, Francisco"]
[Result "1-0"]
[WhiteElo "1846"]
[BlackElo "1991"]
[PlyCount "41"]
[EventDate "2009.11.28"]
[EventType "swiss"]
[EventRounds "10"]
[EventCountry "ESP"]
[Source "lmi"]
[SourceDate "2009.11.28"]

1. e4 e6 2. d4 c5 3. c3 Nc6 4. Nf3 d5 5. e5 cxd4 6. cxd4 Bd7 7. Be2 Nge7 8. Na3
Nf5 9. Nc2 Qb6 10. O-O Rc8 11. g4 Nfe7 12. Bg5 Qxb2 13. Rb1 Qxa2 14. Rxb7 Nd8
15. Rxd7 Kxd7 16. Bb5+ Nec6 17. Bxd8 Kxd8 18. Ng5 Ke7 19. Bxc6 Qc4 20. Qf3 f6
21. Qa3+ 1-0

[Event "8. Open Bali sub-2000"]
[Site "Benidorm ESP"]
[Date "2009.11.30"]
[Round "3.64"]
[White "Benito Alba, Eladio"]
[Black "Navarro Martinez, Daniel"]
[Result "0-1"]
[WhiteElo "1803"]
[BlackElo "1974"]
[PlyCount "34"]
[EventDate "2009.11.28"]
[EventType "swiss"]
[EventRounds "10"]
[EventCountry "ESP"]
[Source "lmi"]
[SourceDate "2009.11.28"]

1. d4 c5 2. d5 d6 3. c4 Nf6 4. Nc3 g6 5. e4 b5 6. cxb5 Bg7 7. Nf3 O-O 8. h3 a6
9. b6 Qxb6 10. Nd2 Nbd7 11. Nc4 Qc7 12. Be2 Nb6 13. O-O Nxc4 14. Bxc4 Bd7 15.
Qe2 Rfb8 16. Rb1 Ne8 17. g4 Bxc3 0-1

[Event "8. Open Bali sub-2000"]
[Site "Benidorm ESP"]
[Date "2009.12.01"]
[Round "4.1"]
[White "Torras Campdelacreu, Xavier"]
[Black "Hoffmann, Roger"]
[Result "0-1"]
[WhiteElo "1962"]
[BlackElo "1998"]
[PlyCount "174"]
[EventDate "2009.11.28"]
[EventType "swiss"]
[EventRounds "10"]
[EventCountry "ESP"]
[Source "lmi"]
[SourceDate "2009.11.28"]

1. d4 d5 2. Nf3 Nf6 3. e3 e6 4. Bd3 Bd6 5. c4 c6 6. Nc3 Nbd7 7. cxd5 exd5 8.
O-O O-O 9. a3 Re8 10. Qc2 Nf8 11. b4 Bg4 12. Be2 Ne4 13. Bb2 Bf5 14. Bd3 Bg6
15. Ne2 Nd7 16. Ng3 f5 17. b5 cxb5 18. Qb3 Ndf6 19. Qxb5 a6 20. Qb3 Bxg3 21.
hxg3 Bh5 22. Bxe4 Nxe4 23. Qd3 Bxf3 24. gxf3 Nd6 25. Rab1 Qa5 26. Rfc1 Rac8 27.
Rxc8 Rxc8 28. Kg2 Qb5 29. Qxb5 axb5 30. Rc1 Nc4 31. Rc3 Ra8 32. Rb3 Ra5 33. Bc1
Kf7 34. f4 Ke6 35. f3 Kd7 36. Kf2 Kc6 37. Ke2 Ra4 38. Kd3 Ra8 39. Ke2 Re8 40.
Rb4 Re6 41. Kf2 Rh6 42. Kg2 Rg6 43. a4 bxa4 44. Rxa4 Kb5 45. Ra7 Rb6 46. Ra1
Kc6 47. Ra2 Rb3 48. Rc2 b5 49. Kf2 b4 50. e4 Rb1 51. g4 b3 52. Rc3 b2 53. Bxb2
Rxb2+ 54. Kg3 Rd2 55. gxf5 Rxd4 56. e5 Rd1 57. f6 gxf6 58. exf6 Kd7 59. f5 Ke8
60. Rb3 Kf7 61. Rb7+ Kxf6 62. Rxh7 Kxf5 63. Rh4 Ne5 64. Rf4+ Kg5 65. Rf8 Rd3
66. Kf2 Ng6 67. Rg8 Kf5 68. Ke2 Nf4+ 69. Kf2 Rd2+ 70. Ke1 Rh2 71. Rd8 Ke5 72.
Re8+ Kd4 73. Rf8 Ke3 74. Re8+ Kxf3 75. Rd8 Ng2+ 76. Kd2 Ke4 77. Kc3 Rh3+ 78.
Kc2 Ne3+ 79. Kd2 Nc4+ 80. Kc2 Kd4 81. Rd7 Rh2+ 82. Kc1 Ne3 83. Ra7 Ke4 84. Re7+
Kd3 85. Ra7 Nc4 86. Kb1 d4 87. Rb7 Kc3 0-1

[Event "8. Open Bali sub-2000"]
[Site "Benidorm ESP"]
[Date "2009.12.01"]
[Round "4.2"]
[White "Frey, Armin"]
[Black "Patino Andreu, Ramon"]
[Result "1/2-1/2"]
[WhiteElo "1959"]
[BlackElo "1992"]
[PlyCount "47"]
[EventDate "2009.11.28"]
[EventType "swiss"]
[EventRounds "10"]
[EventCountry "ESP"]
[Source "lmi"]
[SourceDate "2009.11.28"]

1. f4 e5 2. fxe5 d6 3. Nf3 dxe5 4. Nxe5 Bd6 5. Nf3 Nf6 6. d4 h6 7. Qd3 Qe7 8.
Nc3 Bg4 9. Nb5 Ne4 10. Nxd6+ cxd6 11. g3 O-O 12. Bg2 Bf5 13. Nh4 Bh7 14. Qf3
Nc6 15. Nf5 Bxf5 16. Qxf5 Rae8 17. Bxe4 Qxe4 18. Qxe4 Rxe4 19. c3 Rfe8 20. e3
Ne7 21. Kf2 Nd5 22. Re1 f5 23. Bd2 Nf6 24. h3 1/2-1/2

[Event "8. Open Bali sub-2000"]
[Site "Benidorm ESP"]
[Date "2009.12.01"]
[Round "4.3"]
[White "Fernandez Rubio, Rafael"]
[Black "Proorocu, Aurel-George"]
[Result "0-1"]
[WhiteElo "1977"]
[BlackElo "1951"]
[PlyCount "106"]
[EventDate "2009.11.28"]
[EventType "swiss"]
[EventRounds "10"]
[EventCountry "ESP"]
[Source "lmi"]
[SourceDate "2009.11.28"]

1. e4 c5 2. Nf3 Nc6 3. d3 g6 4. g3 Bg7 5. Bg2 Nf6 6. O-O O-O 7. Nc3 d6 8. h3 h6
9. Be3 e5 10. a4 Be6 11. Nd2 Nh5 12. Nc4 a6 13. Kh2 Rb8 14. Nd5 b5 15. axb5
axb5 16. Nd2 Ra8 17. Rxa8 Qxa8 18. Nc7 Qa5 19. Nxe6 fxe6 20. Qg4 Rf6 21. f4
exf4 22. gxf4 e5 23. f5 Nf4 24. Nb3 Qa2 25. Bxf4 exf4 26. fxg6 Ne5 27. Qc8+ Bf8
28. g7 Kxg7 29. Rg1 Qxb2 30. Bf3+ Kh8 31. Bd1 Nf3+ 32. Bxf3 Qxc2+ 33. Rg2 Qxb3
34. Qd8 Qf7 35. e5 dxe5 36. Bd5 Qe7 37. Qc8 f3 38. Rg8+ Kh7 39. Qg4 Bg7 40. Rb8
Rf8 41. Be4+ Kg8 42. Bd5+ Kh8 43. Rb7 Qf6 44. Bxf3 Qf4+ 45. Qxf4 Rxf4 46. Be4
b4 47. Kg3 Bf8 48. Bd5 Rd4 49. Bc4 e4 50. Rb8 exd3 51. Rxf8+ Kg7 52. Rf7+ Kg6
53. Rf4 Rxc4 0-1

[Event "8. Open Bali sub-2000"]
[Site "Benidorm ESP"]
[Date "2009.12.01"]
[Round "4.4"]
[White "Torino Caballero, Luis F"]
[Black "Perez Garcia, Jose Miguel"]
[Result "1-0"]
[WhiteElo "1954"]
[BlackElo "1977"]
[PlyCount "89"]
[EventDate "2009.11.28"]
[EventType "swiss"]
[EventRounds "10"]
[EventCountry "ESP"]
[Source "lmi"]
[SourceDate "2009.11.28"]

1. e4 c5 2. Nf3 e6 3. d4 cxd4 4. Nxd4 a6 5. Be2 Nf6 6. e5 Qa5+ 7. Nc3 Qxe5 8.
O-O Nc6 9. Nf3 Qc7 10. Be3 d5 11. Re1 Bb4 12. a3 Be7 13. Qd2 b5 14. Bf4 Qb6 15.
Rad1 O-O 16. Bd3 b4 17. Ne2 Bc5 18. Ng3 a5 19. Bh6 Bxf2+ 20. Kh1 Ng4 21. Qg5
Nxh6 22. Nh5 Bd4 23. Nxd4 Qxd4 24. Bxh7+ Kxh7 25. Rxd4 g6 26. Nf6+ Kg7 27. Rh4
Rh8 28. Rf1 Ba6 29. Rf2 Nf5 30. Rxh8 Rxh8 31. h3 bxa3 32. bxa3 Bc4 33. Ng4 Ng3+
34. Kg1 Ne4 35. Qe3 Nxf2 36. Qxf2 f5 37. Ne3 Ba2 38. c3 Bb3 39. Qg3 Kf6 40. Qd6
Ne7 41. Qf4 a4 42. Ng4+ Kf7 43. Ne5+ Ke8 44. Qb4 Nc8 45. Qb5+ 1-0

[Event "8. Open Bali sub-2000"]
[Site "Benidorm ESP"]
[Date "2009.12.01"]
[Round "4.5"]
[White "Radu, Andrei"]
[Black "Montiel Miguelez, Manuel"]
[Result "1/2-1/2"]
[WhiteElo "1940"]
[BlackElo "1970"]
[PlyCount "46"]
[EventDate "2009.11.28"]
[EventType "swiss"]
[EventRounds "10"]
[EventCountry "ESP"]
[Source "lmi"]
[SourceDate "2009.11.28"]

1. d4 Nf6 2. c4 e6 3. a3 b6 4. Nc3 Bb7 5. Bg5 Be7 6. Nf3 O-O 7. e3 d5 8. Rc1
dxc4 9. Bxc4 Nbd7 10. O-O c5 11. d5 Nxd5 12. Bxd5 Bxd5 13. Nxd5 Bxg5 14. Nxg5
Qxg5 15. Nc3 Rfd8 16. Qa4 Nf6 17. Rcd1 Nd5 18. Nxd5 exd5 19. Rd3 Rd6 20. Rfd1
h5 21. h4 Qd8 22. Qf4 Qd7 23. Qe5 Qg4 1/2-1/2

[Event "8. Open Bali sub-2000"]
[Site "Benidorm ESP"]
[Date "2009.12.01"]
[Round "4.6"]
[White "Hall, Rachid"]
[Black "Fernandez Garcia, Ignacio"]
[Result "1-0"]
[WhiteElo "1969"]
[BlackElo "1895"]
[PlyCount "111"]
[EventDate "2009.11.28"]
[EventType "swiss"]
[EventRounds "10"]
[EventCountry "ESP"]
[Source "lmi"]
[SourceDate "2009.11.28"]

1. Nf3 Nf6 2. d4 g6 3. c4 Bg7 4. Nc3 d6 5. Bg5 O-O 6. e4 c6 7. Be2 Na6 8. O-O
c5 9. d5 Nc7 10. Rc1 a6 11. a4 h6 12. Bh4 g5 13. Bg3 Nh5 14. Qd3 f5 15. exf5
Bxf5 16. Ne4 Bxb2 17. Rb1 Bg7 18. Rxb7 Rb8 19. Rfb1 Rxb7 20. Rxb7 Nxg3 21. hxg3
Qc8 22. Rb6 Ne8 23. Qb1 Nc7 24. Bd3 a5 25. Nfd2 Bd4 26. Kh2 Qe8 27. Nf6+ Bxf6
28. Bxf5 Qh5+ 29. Kg1 Qe2 30. Qc2 Bd4 31. Nf3 Bxf2+ 32. Kh2 Qe3 33. Bg4 Rf6 34.
Rb7 h5 35. Be6+ Nxe6 36. Rxe7 Bxg3+ 37. Kxg3 Qf4+ 38. Kf2 Nf8 39. Kg1 g4 40.
Re4 Qg3 41. Ng5 h4 42. Re8 Kg7 43. Re7+ Kh6 44. Nh7 Nxh7 45. Rxh7+ Kg5 46. Rg7+
Kf4 47. Qd1 h3 48. Qf1+ Ke4 49. Re7+ Kd4 50. Qxf6+ Kxc4 51. Re2 Kxd5 52. Qe6+
Kc6 53. Qe4+ Kc7 54. Rb2 d5 55. Qe7+ Kc6 56. Qb7+ 1-0

[Event "8. Open Bali sub-2000"]
[Site "Benidorm ESP"]
[Date "2009.12.01"]
[Round "4.8"]
[White "Martin Prieto, Oscar"]
[Black "Rubio Tello, Abel"]
[Result "1/2-1/2"]
[WhiteElo "1967"]
[BlackElo "1862"]
[PlyCount "65"]
[EventDate "2009.11.28"]
[EventType "swiss"]
[EventRounds "10"]
[EventCountry "ESP"]
[Source "lmi"]
[SourceDate "2009.11.28"]

1. d4 Nf6 2. Nf3 c5 3. c3 d5 4. Bg5 Ne4 5. Bh4 Qb6 6. Qc2 Bf5 7. dxc5 Qxc5 8.
Qb3 Nc6 9. e3 a6 10. Nbd2 g6 11. Nxe4 Bxe4 12. Nd4 Nxd4 13. exd4 Qc6 14. f3 Bf5
15. Be2 Bh6 16. O-O O-O 17. Bf2 Rfe8 18. Rad1 Rad8 19. c4 dxc4 20. Bxc4 Rf8 21.
d5 Qd6 22. Rfe1 b5 23. Bd3 Bxd3 24. Qxd3 e6 25. Re4 exd5 26. Rd4 Bg7 27. Rxd5
Qxd5 28. Qxd5 Rxd5 29. Rxd5 Bxb2 30. Bc5 Rc8 31. Kf1 Kg7 32. Ke2 Kf6 33. Kd3
1/2-1/2

[Event "8. Open Bali sub-2000"]
[Site "Benidorm ESP"]
[Date "2009.12.01"]
[Round "4.12"]
[White "Strand, Oyvin"]
[Black "Alegret Grino, Amadeu"]
[Result "1-0"]
[WhiteElo "1958"]
[BlackElo "1998"]
[PlyCount "121"]
[EventDate "2009.11.28"]
[EventType "swiss"]
[EventRounds "10"]
[EventCountry "ESP"]
[Source "lmi"]
[SourceDate "2009.11.28"]

1. d4 Nf6 2. e3 g6 3. Bd3 Bg7 4. Nf3 d6 5. Qe2 c5 6. O-O O-O 7. c3 b6 8. e4 Bb7
9. Bg5 h6 10. Bh4 Nh5 11. Bg3 Nxg3 12. hxg3 e6 13. Nbd2 Nc6 14. dxc5 bxc5 15.
Rab1 d5 16. Rfd1 Qe7 17. a3 a5 18. c4 d4 19. b3 Rfb8 20. Rf1 Bc8 21. Bc2 Rb6
22. Ne1 Rab8 23. Nd3 Qd6 24. f4 e5 25. f5 g5 26. f6 Bxf6 27. Qh5 Bg7 28. Qxf7+
Kh8 29. Qd5 Bf8 30. Qxd6 Bxd6 31. Rf6 Be7 32. Rxh6+ Kg7 33. Rh1 g4 34. Kf2 Bg5
35. Ke2 a4 36. Nxc5 axb3 37. Rxb3 Be7 38. Rxb6 Rxb6 39. Ndb3 Na5 40. Nxa5 Bxc5
41. a4 Rb2 42. Kd3 Bb4 43. Nc6 Bd6 44. Rb1 Rxb1 45. Bxb1 Bd7 46. Na5 Bxa4 47.
Bc2 Bd7 48. Nb3 Ba4 49. Nxd4 exd4 50. Bxa4 Bc5 51. Bd1 Kf6 52. Bxg4 Ke5 53. Bf3
Be7 54. Kc2 Bg5 55. Kb3 Bd2 56. c5 Ba5 57. Kc4 Bc7 58. Kb5 d3 59. Kc6 Ba5 60.
Kd7 d2 61. c6 1-0

[Event "8. Open Bali sub-2000"]
[Site "Benidorm ESP"]
[Date "2009.12.01"]
[Round "4.13"]
[White "Woods, Connor"]
[Black "Moreno Cervera, Jose Luis"]
[Result "1-0"]
[WhiteElo "1996"]
[BlackElo "1948"]
[PlyCount "75"]
[EventDate "2009.11.28"]
[EventType "swiss"]
[EventRounds "10"]
[EventCountry "ESP"]
[Source "lmi"]
[SourceDate "2009.11.28"]

1. Nf3 d5 2. c4 e6 3. g3 Nf6 4. d4 Be7 5. Bg2 c6 6. Qc2 Nbd7 7. O-O O-O 8. Nbd2
Re8 9. e4 dxe4 10. Nxe4 Nxe4 11. Qxe4 Nf6 12. Qe2 Qb6 13. Rd1 Bd7 14. Bf4 Rad8
15. a3 Nh5 16. Bd2 Qc7 17. Ne5 Nf6 18. Bf4 Qc8 19. b4 a6 20. h4 b5 21. Bg5 h6
22. Bxf6 Bxf6 23. Ng4 Be7 24. Rac1 Qb8 25. Ne5 Qb6 26. Qf3 Bf6 27. Nxd7 Rxd7
28. Qxc6 Qa7 29. cxb5 axb5 30. d5 Red8 31. Rd3 Be5 32. Qxb5 Rb8 33. Qc5 Qa6 34.
dxe6 Rc7 35. exf7+ Kh7 36. Be4+ g6 37. Qxe5 Rxf7 38. Rc6 1-0

[Event "8. Open Bali sub-2000"]
[Site "Benidorm ESP"]
[Date "2009.12.01"]
[Round "4.14"]
[White "Arroyo Rodriguez, Jesus"]
[Black "Borja Perez, Jose"]
[Result "0-1"]
[WhiteElo "1994"]
[BlackElo "1949"]
[PlyCount "76"]
[EventDate "2009.11.28"]
[EventType "swiss"]
[EventRounds "10"]
[EventCountry "ESP"]
[Source "lmi"]
[SourceDate "2009.11.28"]

1. e4 d5 2. exd5 Qxd5 3. Nc3 Qa5 4. d4 Nf6 5. Bd2 c6 6. Nf3 Bg4 7. Bc4 e6 8. d5
Qc5 9. dxc6 Nxc6 10. Qe2 Be7 11. O-O-O O-O 12. Be3 Qa5 13. h3 Bxf3 14. gxf3 Ne5
15. Bb3 Rac8 16. Ne4 Rfd8 17. Bd4 Ned7 18. Rhg1 h6 19. Qe3 Kf8 20. Kb1 Qc7 21.
f4 e5 22. fxe5 Nxe5 23. f4 Nc4 24. Qg3 Nxe4 25. Qxg7+ Ke8 26. Qg8+ Bf8 27. Ba4+
Ke7 28. Rge1 Qxf4 29. Qg2 f5 30. Qg6 Rd6 31. Qh7+ Kd8 32. Qf7 Be7 33. Qe8+ Kc7
34. Qxe7+ Kb8 35. b3 Ncd2+ 36. Kb2 Rxd4 37. Bd7 Qc7 38. Qg7 Rxd7 0-1

[Event "8. Open Bali sub-2000"]
[Site "Benidorm ESP"]
[Date "2009.12.01"]
[Round "4.15"]
[White "Moragrega Herrero, Juan Jose"]
[Black "Sanz Garcia, Roberto"]
[Result "0-1"]
[WhiteElo "1990"]
[BlackElo "1944"]
[PlyCount "68"]
[EventDate "2009.11.28"]
[EventType "swiss"]
[EventRounds "10"]
[EventCountry "ESP"]
[Source "lmi"]
[SourceDate "2009.11.28"]

1. d4 Nf6 2. c4 e6 3. Nc3 Bb4 4. Qc2 c5 5. e3 Nc6 6. Nf3 Qb6 7. dxc5 Qxc5 8. a3
Bxc3+ 9. Qxc3 O-O 10. b4 Qf5 11. Bd3 Qg4 12. O-O d5 13. Bb2 Ne4 14. Bxe4 dxe4
15. Nd2 f6 16. f3 exf3 17. Rxf3 e5 18. Raf1 Qh4 19. b5 Ne7 20. h3 Ng6 21. a4
Be6 22. a5 Rfc8 23. c5 Bd5 24. R3f2 a6 25. b6 Nh8 26. Kh2 Nf7 27. g3 Qh6 28. e4
Be6 29. h4 Ng5 30. Rc1 Rc6 31. Qe3 Rd8 32. Bxe5 Rxd2 33. Rxd2 Nf3+ 34. Qxf3
Qxd2+ 0-1

[Event "8. Open Bali sub-2000"]
[Site "Benidorm ESP"]
[Date "2009.12.01"]
[Round "4.16"]
[White "Maza Broto, Pablo"]
[Black "Cuevas Silva, Angel"]
[Result "1-0"]
[WhiteElo "1990"]
[BlackElo "1931"]
[PlyCount "59"]
[EventDate "2009.11.28"]
[EventType "swiss"]
[EventRounds "10"]
[EventCountry "ESP"]
[Source "lmi"]
[SourceDate "2009.11.28"]

1. e4 e5 2. Nf3 Nc6 3. Bb5 a6 4. Ba4 Nf6 5. Qe2 b5 6. Bb3 Be7 7. c3 d6 8. h3
O-O 9. O-O Bb7 10. d3 h6 11. Re1 Na5 12. Bc2 c5 13. Nbd2 Re8 14. Nf1 Qc7 15.
Ng3 Nc6 16. Nf5 Bf8 17. g4 Bc8 18. g5 Bxf5 19. exf5 hxg5 20. Bxg5 e4 21. dxe4
Nxe4 22. Bxe4 d5 23. Qd3 dxe4 24. Rxe4 Rxe4 25. Qxe4 Qd7 26. Re1 Rc8 27. Kg2 f6
28. Bf4 Kf7 29. Rd1 Qb7 30. Qe6# 1-0